Bands mit Nummer-1-Hits (Sudden Death) - Statistiken

Allgemein
  • Dieses Quiz wurde 835 mal gespielt
    439 seit der letzten Aktualisierung
  • Das Durchschnittsergebnis liegt bei 3 aus 15
Answers on the Grid
Answers color-coded by a green-red scale on the quiz's grid according to % correct below.
187 Strassenbande
Ace of Base
Aerosmith
Backstreet Boys
The Black Eyed Peas
Black Sabbath
Blackpink
Bon Jovi
Daft Punk
Deep Purple
The Doors
Genesis
Iron Maiden
The Jackson Five
Led Zeppelin
Linkin Park
Milli Vanilli
Nirvana
N.W.A.
One Direction
Pet Shop Boys
The Police
Rammstein
Ramones
Sex Pistols
Slayer
Take That
Die Toten Hosen
U2
Village People
 
Antwortstatistiken
Antwort % Korrekt
Quit Playing Games (with My Heart) (1996), I Want It That Way (1999) Backstreet Boys
59%
Where Is the Love? (2003), Shut Up (2003), Meet Me Halfway (2009), The Time (Dirty Bit) (2010), The Black Eyed Peas
35%
I Don’t Want to Miss a Thing (1998) Aerosmith
32%
Extasy (2021) 187 Strassenbande
31%
All That She Wants (1992), The Sign (1993) Ace of Base
26%
The Emptiness Machine (2024) Linkin Park
21%
Zehn kleine Jägermeister (1996), Tage wie diese (2012) Die Toten Hosen
18%
Pussy (2009), Zeit (2022), Zick Zack (2022) Rammstein
16%
Get Lucky (2013) Daft Punk
14%
Paranoid (1970) Black Sabbath
12%
Girl You Know It’s True (1988) Milli Vanilli
11%
Back for Good (1995), Patience (2006) Take That
10%
It’s a Sin (1987), Always on My Mind (1987), Heart (1988), Go West (1993) Pet Shop Boys
7%
Whole Lotta Love (1969) Led Zeppelin
6%
Y.M.C.A. (1978) Village People
3%
Keine übereinstimmenden Quizze gefunden
Verteilung der Resultate
Anzahl Personen mit jedem Resultat
Perzentil nach korrekt beantworteten Fragen
Ihre Resultats-Entwicklung
Sie haben dieses Quiz seit der letzten Aktualisierung nicht gespielt